[Event "It"]
[Site "masterchessopen.com Southend (England)"]
[Round "5"]
[White "Clarke Peter H (ENG)"]
[Black "Payne Robert (ENG)"]
[Result "1-0"]
[WhiteElo "2300"]
[BlackElo "2148"]

1.Nf3 Nf6 2.g3 g6 3.Bg2 Bg7 4.O-O O-O 5.c4 d6 6.d4 Nc6 7.Nc3 a6 8.h3 Rb8 9.Be3
b5 10.Nd2 Bd7 11.cxb5 axb5 12.Rc1 Qc8 13.Nde4 Qa6 14.Nxf6+ exf6 15.Nd5 Qxa2
16.Rxc6 Bxc6 17.Ne7+ Kh8 18.Nxc6 Rbc8 19.Qc2 {#r} 1-0

[Event "?"]
[Site "masterchessopen.com Ecuador"]
[Round "0"]
[White "Rojas Sepulveda Jaime (CHI)"]
[Black "Hook W (IVB)"]
[Result "0-1"]
[WhiteElo "2210"]
[BlackElo "2009"]

1.c4 Nf6 2.Nc3 g6 3.g3 Bg7 4.Bg2 O-O 5.d4 d6 6.Nf3 Nc6 7.O-O a6 8.a3 Rb8 9.Qd3
Nd7 10.e4 e5 11.d5 Nd4 12.b4 Nb3 13.Rb1 Nxc1 14.Rfxc1 Bh6 15.Rc2 f5 16.Nh4 f4
17.Nf3 Nf6 18.c5 Qe7 19.Ne2 Nxe4 20.Qxe4 Bf5 21.Qc4 Bxc2 22.Qxc2 e4 23.Nfd4 f3
24.Ne6 e3 25.Nxf8 exf2+ 26.Kf1 fxg2+ 27.Kxg2 Rxf8 28.cxd6 Qe3 29.Rf1 Qf3+ {#R}
0-1

[Event "Ch Poland"]
[Site "masterchessopen.com Piotrkow Trybunalski (Poland)"]
[Round "3"]
[White "Doda Zbigniew (POL)"]
[Black "Pietrusiak Bogdan (SWE)"]
[Result "1-0"]
[WhiteElo "2345"]
[BlackElo "2165"]

1.c4 g6 2.Nc3 Bg7 3.d4 Nf6 4.Nf3 d6 5.g3 O-O 6.Bg2 Nc6 7.O-O a6 8.h3 Rb8 9.e4
b5 10.e5 Ne8 11.cxb5 axb5 12.Bf4 b4 13.Ne4 f6 14.exf6 exf6 15.Re1 f5 16.Neg5
Nf6 17.d5 {#r} 1-0

[Event "It"]
[Site "masterchessopen.com Polanica Zdroj (Poland)"]
[Round "12"]
[White "Smejkal Jan (CZE)"]
[Black "Haag Ervin (HUN)"]
[Result "1-0"]
[WhiteElo "2545"]
[BlackElo "2440"]

1.d4 Nf6 2.c4 g6 3.Nf3 Bg7 4.g3 O-O 5.Bg2 d6 6.O-O Nc6 7.Nc3 a6 8.h3 e5 9.d5
Ne7 10.e4 Ne8 11.Bd2 h6 12.Ne1 f5 13.exf5 Nxf5 14.Nc2 Bd7 15.Qe2 Nf6 16.Qd3
Qe8 17.Ne4 g5 18.Kh2 Qg6 19.Rae1 Rae8 20.Nxf6+ Rxf6 21.Bc3 Nxg3 22.Qxg3 Qxc2
23.Be4 Qa4 24.f4 Rxf4 25.Rxf4 exf4 26.Qd3 Be5 27.Bh7+ Kh8 28.Qg6 Bxc3 29.Rxe8+
Bxe8 30.Qg8# 1-0

[Event "Zt"]
[Site "masterchessopen.com Sao Paulo (Brazil)"]
[Round "15"]
[White "Vasquez Julio E (PER)"]
[Black "Mecking Henrique (BRA)"]
[Result "0-1"]
[WhiteElo "2265"]
[BlackElo "2570"]

1.Nf3 Nf6 2.c4 g6 3.Nc3 Bg7 4.g3 O-O 5.Bg2 d6 6.d4 Nc6 7.O-O a6 8.d5 Na5 9.Qd3
c5 10.dxc6 Nxc6 11.Nd2 Rb8 12.e4 b5 13.cxb5 axb5 14.Nb3 Ne5 15.Qe2 Bg4 16.f3
Be6 17.Rd1 Bc4 18.Qe3 Nfg4 19.fxg4 Nxg4 20.Qa7 Ra8 21.Qb7 Bxb3 22.Rd2 Bxc3
23.bxc3 Qa5 24.Bb2 Ra7 25.axb3 Qxa1+ 26.Bxa1 Rxb7 27.Ra2 Ne5 28.Bf1 Rbb8
29.Bb2 Ra8 30.Rxa8 Rxa8 {#R} 0-1

[Event "Olympiad"]
[Site "masterchessopen.com Skopje (Macedonia)"]
[Round "5"]
[White "Jones Iolo C (WLS)"]
[Black "Uddenfeldt Dan (SWE)"]
[Result "0-1"]
[WhiteElo "2282"]
[BlackElo "2270"]

1.c4 Nf6 2.Nc3 g6 3.g3 Bg7 4.Bg2 d6 5.d4 O-O 6.Nf3 Nc6 7.O-O a6 8.Bg5 Na5 9.b3
Bd7 10.Qd2 b5 11.cxb5 axb5 12.Ne1 Nxb3 13.Qb2 Nxa1 14.Bxa8 Qxa8 15.Nf3 b4
16.Nb1 Be6 17.Nbd2 Qxa2 18.Qxa2 Bxa2 19.Rxa1 b3 20.Nc4 d5 21.Nb2 c5 22.dxc5
Ne4 23.Bc1 Nc3 24.e3 Ne2+ 25.Kf1 Nxc1 26.Nd4 e5 {#R} 0-1

[Event "Olympiad"]
[Site "masterchessopen.com Skopje (Macedonia)"]
[Round "4"]
[White "Philippe George"]
[Black "Petrosian Tigran V (ARM)"]
[Result "0-1"]
[WhiteElo "2200"]
[BlackElo "2645"]

1.c4 g6 2.g3 Bg7 3.Bg2 Nf6 4.Nc3 O-O 5.Nf3 d6 6.d4 Nc6 7.O-O a6 8.e4 Bg4 9.h3
Bxf3 10.Bxf3 Nd7 11.Be3 e5 12.d5 Nd4 13.Bg2 c5 14.Rb1 Qa5 15.Bd2 Qc7 16.b4 Nb6
17.bxc5 dxc5 {#R} 0-1

[Event "Ch Bulgaria"]
[Site "masterchessopen.com Bulgaria"]
[Round "0"]
[White "Radev Nikolai (BUL)"]
[Black "Peev Peicho (BUL)"]
[Result "1-0"]
[WhiteElo "2304"]
[BlackElo "2284"]

1.Nf3 Nf6 2.g3 g6 3.Bg2 Bg7 4.O-O O-O 5.d4 d6 6.c4 Nc6 7.Nc3 a6 8.h3 Rb8 9.Be3
b5 10.Nd2 Na5 11.cxb5 axb5 12.b4 Nc4 13.Nxc4 bxc4 14.b5 Bb7 15.a4 Bxg2 16.Kxg2
c6 17.Qc2 Qd7 18.Rfb1 cxb5 19.Rxb5 Rxb5 20.axb5 Qb7+ 21.Kg1 Rb8 22.Ra4 Rc8
23.Qa2 Nd5 24.Nxd5 Qxd5 25.b6 h5 26.Ra7 Qb5 27.Ra8 {#r} 1-0

[Event "It (cat.6)"]
[Site "masterchessopen.com Wijk aan Zee (Netherlands)"]
[Round "8"]
[White "Reicher Emanoil (ROM)"]
[Black "Bednarski Jacek B (POL)"]
[Result "1-0"]
[WhiteElo "2310"]
[BlackElo "2400"]

1.d4 g6 2.c4 Bg7 3.Nc3 d6 4.Nf3 Nf6 5.g3 O-O 6.Bg2 Nc6 7.O-O a6 8.h3 e5 9.Be3
Re8 10.Qd2 e4 11.Ng5 d5 12.Nxd5 Nxd5 13.cxd5 Qxd5 14.Rac1 f5 15.h4 Rd8 16.Rfd1
Qxa2 17.d5 Ne7 18.Rxc7 Rxd5 19.Rxe7 Rxd2 20.Re8+ Bf8 21.Rxd2 Kg7 22.Bd4+ Kh6
23.Rxf8 Kh5 24.Rh8 h6 25.Bg7 {#r} 1-0

[Event "Tournament"]
[Site "masterchessopen.com Menden (Germany)"]
[Round "0"]
[White "Reefschlaeger Helmut Dr (GER)"]
[Black "Held Peter (GER)"]
[Result "1-0"]
[WhiteElo "2248"]
[BlackElo "2180"]

1.d4 Nf6 2.c4 g6 3.g3 Bg7 4.Bg2 d6 5.Nf3 O-O 6.O-O Nc6 7.Nc3 a6 8.h3 Rb8 9.e4
b5 10.e5 Ne8 11.cxb5 axb5 12.Bf4 Na5 13.Rc1 h6 14.h4 b4 15.Ne4 Ba6 16.Re1 Nc4
17.Qc2 Nb6 18.h5 Nd5 19.Bd2 Rb6 20.g4 Bc8 21.g5 dxe5 22.gxh6 Bh8 23.Neg5 b3
24.axb3 Bf6 25.dxe5 Bxg5 26.Nxg5 Bf5 27.Qc5 Be6 28.hxg6 {#r} 1-0

[Event "Olympiad URS"]
[Site "masterchessopen.com Riga (Latvia)"]
[Round "0"]
[White "Alieva Elmira (AZE)"]
[Black "Chekhova-Kostina Tatiana M (RUS)"]
[Result "0-1"]
[WhiteElo "2043"]
[BlackElo "2246"]

1.d4 Nf6 2.Nf3 g6 3.g3 Bg7 4.Bg2 O-O 5.O-O d6 6.c4 Nc6 7.Nc3 a6 8.a4 Na5 9.Nd2
c5 10.d5 Rb8 11.Rb1 Bd7 12.b4 cxb4 13.Rxb4 Qc8 14.Nce4 Nxe4 15.Bxe4 Bc3 16.Ba3
Bxb4 17.Bxb4 Nxc4 18.Nf3 Bf5 19.Qd4 b5 20.Nh4 Bxe4 21.Qxe4 a5 22.Bc3 b4 {#R}
0-1

[Event "Ch BRD"]
[Site "masterchessopen.com Bad Pyrmont (Germany)"]
[Round "1"]
[White "Scheipl Ralf (GER)"]
[Black "Wagner Harald (GER)"]
[Result "1-0"]
[WhiteElo "2283"]
[BlackElo "2221"]

1.c4 Nf6 2.Nc3 g6 3.g3 Bg7 4.Bg2 O-O 5.Nf3 d6 6.d4 Nc6 7.O-O a6 8.h3 Rb8 9.Be3
b5 10.Nd2 Bb7 11.cxb5 axb5 12.Nxb5 Na5 13.Qa4 Bxg2 14.Kxg2 c6 15.Nc3 Rxb2
16.Rab1 Rxb1 17.Rxb1 Qc7 18.f3 Nd5 19.Nxd5 cxd5 20.Bf2 Nc4 21.Nf1 Rb8 22.Rxb8+
Qxb8 23.Ne3 Nb2 24.Qb3 Qxb3 25.axb3 Bxd4 26.Nxd5 Bxf2 27.Kxf2 e6 28.Nc3 d5
29.Ke1 f5 30.Na4 {#r} 1-0

[Event "It"]
[Site "masterchessopen.com Nethanya (Israel)"]
[Round "11"]
[White "Radashkovich Itchak (ISR)"]
[Black "Domnitz Zadok (ISR)"]
[Result "1-0"]
[WhiteElo "2445"]
[BlackElo "2210"]

1.d4 Nf6 2.c4 g6 3.Nf3 Bg7 4.g3 O-O 5.Bg2 d6 6.O-O Nc6 7.Nc3 a6 8.h3 Rb8 9.Be3
b5 10.Nd2 Na5 11.cxb5 axb5 12.b4 Nc4 13.Nxc4 bxc4 14.b5 Bd7 15.a4 Qc8 16.Kh2
c6 17.Rb1 Qc7 18.Qd2 Rfe8 19.Rfe1 Qa5 20.bxc6 Bf5 21.Rb5 Rxb5 22.axb5 h5 23.d5
{#r} 1-0

[Event "Ch Hungary"]
[Site "masterchessopen.com Budapest (Hungary)"]
[Round "0"]
[White "Schneider Attila (HUN)"]
[Black "Sax Gyula (HUN)"]
[Result "0-1"]
[WhiteElo "2266"]
[BlackElo "2565"]

1.Nf3 g6 2.d4 Nf6 3.c4 Bg7 4.g3 O-O 5.Bg2 d6 6.O-O Nc6 7.Nc3 a6 8.d5 Na5 9.b3
Rb8 10.Bb2 b5 11.cxb5 axb5 12.Nd4 b4 13.Na4 e5 14.Nc2 Bd7 15.Ne3 Nh5 16.Rc1
Bh6 17.Rb1 f5 18.Bc1 f4 19.Nc2 Qc8 20.Bd2 Bh3 21.Bxb4 Bxg2 22.Kxg2 e4 23.Bxa5
f3+ 24.exf3 exf3+ 25.Kh1 Qh3 26.Rg1 Nf6 {#R} 0-1

[Event "Olympiad"]
[Site "masterchessopen.com Buenos Aires (Argentina)"]
[Round "10"]
[White "Borisova Borislava (SWE)"]
[Black "Soppe Edith (ARG)"]
[Result "1-0"]
[WhiteElo "2089"]
[BlackElo "2105"]

1.Nf3 g6 2.c4 Bg7 3.d4 Nf6 4.g3 O-O 5.Bg2 d6 6.O-O Nc6 7.Nc3 a6 8.h3 Rb8 9.e4
Nd7 10.Be3 e5 11.Rc1 exd4 12.Nxd4 Nde5 13.Nd5 Nxd4 14.Bxd4 c6 15.Ne3 Bh6 16.f4
c5 17.Bc3 Be6 18.Qe2 Nc6 19.Rcd1 Rc8 20.f5 Nd4 21.Bxd4 cxd4 22.Ng4 Bxc4
23.Nxh6+ Kg7 24.Qd2 Bxf1 25.Rxf1 g5 26.f6+ Kxh6 27.h4 Rg8 28.Rf5 Rg6 29.Rxg5
Qxf6 {#r} 1-0

[Event "?"]
[Site "masterchessopen.com Vrnjacka Banja (Serbia)"]
[Round "0"]
[White "Raicevic Vladimir (SRB)"]
[Black "Schmidt Wlodzimierz (POL)"]
[Result "1-0"]
[WhiteElo "2089"]
[BlackElo "2505"]

1.c4 g6 2.Nc3 Bg7 3.g3 Nf6 4.Bg2 O-O 5.d4 d6 6.Nf3 Nc6 7.O-O a6 8.b3 Rb8 9.Bb2
b5 10.d5 Na5 11.cxb5 axb5 12.Nd4 b4 13.Ncb5 e5 14.dxe6 c5 15.Nc6 Nxc6 16.exf7+
Rxf7 17.Bxc6 Rb6 18.Nxd6 Rxc6 19.Nxf7 Qxd1 20.Rfxd1 Kxf7 21.f3 Ba6 22.e4 Ke6
23.Rd8 Bh6 24.f4 Bg7 25.Rad1 c4 26.Be5 Bc8 27.R8d6+ Rxd6 28.Rxd6+ Kf7 29.Rc6
Be6 30.bxc4 Nd7 {#r} 1-0

[Event "Ch Colombia"]
[Site "masterchessopen.com Manizales (Colombia)"]
[Round "11"]
[White "Garcia Luis E (COL)"]
[Black "Acosta Alejandro (COL)"]
[Result "1-0"]
[WhiteElo "2192"]
[BlackElo "2312"]

1.d4 Nf6 2.Nf3 g6 3.c4 Bg7 4.g3 O-O 5.Bg2 d6 6.O-O Nc6 7.Nc3 a6 8.h3 Rb8 9.e4
b5 10.e5 dxe5 11.dxe5 Qxd1 12.Rxd1 Nd7 13.e6 fxe6 14.cxb5 axb5 15.Be3 b4
16.Na4 Nde5 17.Nxe5 Nxe5 18.Rac1 Ba6 19.Rxc7 Be2 20.Rdc1 Nd3 21.Rb1 Bf6 22.Rc2
Nf4 23.Bxf4 Bd3 24.Rcc1 Bxb1 25.Bxb8 Bxa2 26.Bf4 {#r} 1-0

[Event "Tournament"]
[Site "masterchessopen.com Tapolca (Hungary)"]
[Round "0"]
[White "Gereben Erno (SUI)"]
[Black "Pirisi Gabor (HUN)"]
[Result "1-0"]
[WhiteElo "2320"]
[BlackElo "2249"]

1.d4 Nf6 2.Nf3 g6 3.g3 Bg7 4.Bg2 O-O 5.O-O d6 6.c4 Nc6 7.Nc3 a6 8.b3 e5 9.dxe5
Nd7 10.Bg5 Qe8 11.Nd5 Ndxe5 12.Bf6 Nxf3+ 13.exf3 Qd7 14.Qd2 Ne5 15.Ne7+ Kh8
16.Qh6 {#r} 1-0

[Event "Ch URS (qual)"]
[Site "masterchessopen.com Beltsy (Moldova)"]
[Round "0"]
[White "Razuvaev Yuri S (RUS)"]
[Black "Piesina Gintautas (LTU)"]
[Result "1-0"]
[WhiteElo "2525"]
[BlackElo "2325"]

1.d4 Nf6 2.Nf3 g6 3.c4 Bg7 4.g3 O-O 5.Bg2 d6 6.O-O Nc6 7.Nc3 a6 8.h3 Rb8 9.Qc2
Na5 10.Nd5 b5 11.Nxf6+ Bxf6 12.cxb5 axb5 13.Bh6 Re8 14.Rac1 c6 15.e4 Bd7 16.b3
Rc8 17.Qd2 Nb7 18.e5 Bh8 19.Qf4 f6 20.Rfe1 Be6 21.Re2 Qd7 22.Rce1 d5 23.h4 Nd8
24.exf6 exf6 25.Bh3 f5 26.Ng5 c5 27.g4 {#r} 1-0

[Event "Ch Pan-American"]
[Site "masterchessopen.com San Pedro de Jujuy"]
[Round "5"]
[White "Debarnot Roberto (ARG)"]
[Black "Palacios Antonio (VEN)"]
[Result "0-1"]
[WhiteElo "2355"]
[BlackElo "2320"]

1.d4 Nf6 2.c4 g6 3.Nf3 Bg7 4.g3 O-O 5.Bg2 d6 6.O-O Nc6 7.Nc3 a6 8.h3 Rb8 9.Be3
e6 10.Rc1 Ne7 11.Rc2 b5 12.Qd3 Bb7 13.Nd2 Bxg2 14.Kxg2 Qd7 15.f3 h6 16.a3 g5
17.Bf2 Ng6 18.e3 c6 19.Ne2 e5 20.cxb5 axb5 21.dxe5 Nxe5 22.Qb3 c5 23.e4 Rfe8
24.f4 Ng6 25.Qf3 gxf4 26.gxf4 Nxe4 27.Nxe4 Qf5 28.N2g3 Nh4+ 29.Kh1 {#R} 0-1

[Event "Ch World (juniors) (under 20)"]
[Site "masterchessopen.com Copenhagen (Denmark)"]
[Round "3"]
[White "Greenfeld Alon (ISR)"]
[Black "Horvath Jozsef_ (HUN)"]
[Result "1-0"]
[WhiteElo "2305"]
[BlackElo "2526"]

1.Nf3 Nf6 2.c4 g6 3.Nc3 Bg7 4.g3 O-O 5.Bg2 d6 6.O-O Nc6 7.d4 a6 8.b3 Bf5 9.Bb2
Ne4 10.Nd5 Nf6 11.Nxf6+ Bxf6 12.Qd2 e5 13.d5 Ne7 14.Ne1 Bg7 15.f4 c6 16.e4 Bd7
17.fxe5 Bxe5 18.Bxe5 dxe5 19.Nd3 f6 20.d6 Nc8 21.c5 Na7 22.Rf2 Be6 23.Raf1 Rf7
24.g4 b6 25.g5 fxg5 26.Rxf7 Bxf7 27.Nxe5 Be6 {#r} 1-0

[Event "Ch Poland"]
[Site "masterchessopen.com Poland"]
[Round "0"]
[White "Sygulski Artur (POL)"]
[Black "Pokojowczyk Jerzy (POL)"]
[Result "1-0"]
[WhiteElo "2378"]
[BlackElo "2420"]

1.d4 Nf6 2.g3 g6 3.Bg2 Bg7 4.c4 d6 5.Nf3 O-O 6.O-O Nc6 7.Nc3 a6 8.b3 Rb8 9.Bb2
b5 10.cxb5 axb5 11.Rc1 b4 12.Na4 Na5 13.Qc2 c6 14.Ne1 Nd5 15.Qd2 Ba6 16.Bxd5
cxd5 17.Nd3 Bb5 18.Nxb4 Bxa4 19.bxa4 Nc4 20.Qc3 Nxb2 21.Qxb2 Qb6 22.a3 Bxd4
23.Qd2 e6 24.a5 Qxa5 25.Qxd4 Qxa3 26.Nc6 Rb7 27.Rc2 {#r} 1-0

[Event "It (cat.9)"]
[Site "masterchessopen.com Banja-Luka (Bosnia & Herzegovina)"]
[Round "0"]
[White "Vukic Milan (BIH)"]
[Black "Gavric Miladin (BIH)"]
[Result "1-0"]
[WhiteElo "2470"]
[BlackElo "2400"]

1.d4 Nf6 2.c4 g6 3.Nf3 Bg7 4.g3 O-O 5.Bg2 d6 6.Nc3 Nc6 7.O-O a6 8.d5 Na5 9.b3
b5 10.cxb5 axb5 11.b4 Nc4 12.Nd4 Bd7 13.Ncxb5 Bxb5 14.Nxb5 Qd7 15.Nd4 Ra4
16.Qb3 Nb6 17.Bb2 Rfa8 18.a3 Ne8 19.Rfc1 R4a7 20.Nc6 Bxb2 21.Qxb2 Na4 22.Qd4
Rb7 23.e4 Ng7 24.Na5 {#r} 1-0

[Event "It (open)"]
[Site "masterchessopen.com Bela Crkva (Yugoslavia)"]
[Round "0"]
[White "Pavlovic Dragoljub (SRB)"]
[Black "Zakic Srdjan (SRB)"]
[Result "0-1"]
[WhiteElo "2345"]
[BlackElo "2360"]

1.d4 Nf6 2.c4 g6 3.Nf3 Bg7 4.g3 O-O 5.Bg2 d6 6.O-O Nc6 7.Nc3 a6 8.Bf4 Rb8
9.Rc1 b5 10.Nd5 bxc4 11.Nxf6+ Bxf6 12.Rxc4 Nb4 13.Bd2 a5 14.a3 Be6 15.Rc1 Na6
16.Bxa5 Rxb2 17.Qd3 Qc8 18.Rb1 Rxb1 19.Rxb1 c5 20.Rb6 Nb8 21.d5 c4 22.Qd1 Bf5
23.Bd2 c3 24.Be3 c2 25.Qc1 Qc4 26.Nd4 Bxd4 {#R} 0-1

[Event "It (open) \"]
[Site "masterchessopen.com London (England)"]
[Date "1983.08.25"]
[Round "2"]
[White "Shvidler Eliahu (ISR)"]
[Black "Nunn John D M (ENG)"]
[Result "0-1"]
[WhiteElo "2430"]
[BlackElo "2590"]

1.Nf3 d6 2.d4 g6 3.g3 Bg7 4.Bg2 Nf6 5.O-O O-O 6.c4 Nc6 7.Nc3 a6 8.h3 Rb8 9.Qc2
b5 10.cxb5 axb5 11.Bg5 Bd7 12.e4 b4 13.Ne2 b3 14.axb3 Nb4 15.Qb1 Bb5 16.Bxf6
exf6 17.Qd1 Re8 18.Nd2 f5 19.Nc4 fxe4 20.Qd2 d5 21.Na5 Bxe2 22.Qxe2 Bxd4
23.Ra4 c5 24.Kh2 Qb6 25.f3 e3 26.f4 Qb5 27.Re1 Nd3 28.Rd1 Nxb2 {#R} 0-1

[Event "Olympiad"]
[Site "masterchessopen.com Salonika (Greece)"]
[Round "0"]
[White "Saleh Nagueb (UAE)"]
[Black "Salazar Adriana (COL)"]
[Result "0-1"]
[WhiteElo "2220"]
[BlackElo "2100"]

1.c4 Nf6 2.Nf3 g6 3.g3 Bg7 4.Bg2 O-O 5.Nc3 d6 6.O-O Nc6 7.d4 a6 8.b3 Rb8 9.Bb2
b5 10.cxb5 axb5 11.Rc1 Bd7 12.h3 b4 13.Na4 Na7 14.Qc2 c6 15.Ne1 Bh6 16.f4 Qa5
17.Kh2 Qh5 18.Qd3 g5 19.fxg5 Bxg5 20.Rc2 Ng4+ 21.Kg1 Be3+ 22.Kh1 Nf2+ 23.Rxf2
Bxf2 24.Nf3 Bxh3 {#R} 0-1

[Event "It"]
[Site "masterchessopen.com Rome (Italy)"]
[Round "0"]
[White "Sanna Gianlazzaro (ITA)"]
[Black "Pernisco Ermanno (ITA)"]
[Result "1-0"]
[WhiteElo "2335"]
[BlackElo "2237"]

1.d4 Nf6 2.c4 g6 3.Nc3 Bg7 4.Nf3 O-O 5.g3 d6 6.Bg2 Nc6 7.O-O a6 8.h3 Rb8 9.e4
Nd7 10.Be3 Na5 11.b3 c5 12.Rc1 b5 13.cxb5 axb5 14.dxc5 dxc5 15.Bf4 e5 16.Bg5
f6 17.Be3 Rf7 18.Bxc5 Bh6 19.Rc2 b4 20.Bd6 Ba6 21.Bxb8 Bxf1 22.Bxf1 bxc3
23.Qd5 Qb6 24.Bd6 Nb7 25.Ba3 Qa7 26.Bc4 Nd8 27.Be7 {#r} 1-0

[Event "Olympiad"]
[Site "masterchessopen.com Dubai (United Arab Emirates)"]
[Round "0"]
[White "Adorjan Andras (HUN)"]
[Black "Perez Fungueiro Manuel A (ESP)"]
[Result "1-0"]
[WhiteElo "2560"]
[BlackElo "2260"]

1.c4 g6 2.Nf3 Bg7 3.d4 Nf6 4.g3 O-O 5.Bg2 d6 6.Nc3 Nc6 7.O-O a6 8.b3 Rb8 9.Nd5
Bf5 10.Bb2 e6 11.Ne3 Be4 12.Rc1 Nd7 13.Bh3 Bxf3 14.exf3 e5 15.dxe5 Ncxe5
16.Rc2 f5 17.f4 Nf7 18.Bxg7 Kxg7 19.Re1 Re8 20.Rce2 Nf6 21.Qd4 Kf8 22.Bxf5
gxf5 23.Nxf5 Ne5 24.fxe5 dxe5 25.Qh4 {#r} 1-0

[Event "It (open)"]
[Site "masterchessopen.com Holon (Israel)"]
[Round "0"]
[White "Gutkin Boris (ISR)"]
[Black "Liberzon Vladimir M (ISR)"]
[Result "0-1"]
[WhiteElo "2277"]
[BlackElo "2410"]

1.d4 Nf6 2.c4 g6 3.Nc3 Bg7 4.g3 O-O 5.Bg2 d6 6.Nf3 Nc6 7.O-O a6 8.h3 Rb8 9.Be3
b5 10.cxb5 axb5 11.d5 Na5 12.b4 Nc4 13.Ba7 Rb7 14.Bd4 e5 15.dxe6 fxe6 16.Qb3
e5 17.Be3 d5 18.Rad1 c6 19.Bc5 Re8 20.e4 d4 21.Nxd4 exd4 22.e5 Nd5 23.Nxd5
cxd5 24.Rxd4 Rxe5 25.a4 Be6 26.axb5 Rd7 {#R} 0-1

[Event "Ch Great Britain"]
[Site "masterchessopen.com Southampton (England)"]
[Round "2"]
[White "Condie Mark L (SCO)"]
[Black "Hennigan Michael (ENG)"]
[Result "1-0"]
[WhiteElo "2410"]
[BlackElo "2391"]

1.Nf3 g6 2.g3 Bg7 3.d4 Nf6 4.Bg2 O-O 5.O-O d6 6.c4 Nc6 7.Nc3 a6 8.h3 Rb8 9.Be3
b5 10.Nd2 Bd7 11.Rc1 b4 12.Ncb1 e5 13.Nb3 exd4 14.Nxd4 Na5 15.c5 d5 16.c6 Be8
17.Nd2 Rb6 18.Qa4 Nc4 19.Nxc4 dxc4 20.Nc2 Nd5 21.Bxb6 Nxb6 22.Qxb4 Qa8 23.Ne3
Bxc6 24.Bxc6 Qxc6 25.Nxc4 Nd5 26.Qd2 {#r} 1-0

[Event "It (open)"]
[Site "masterchessopen.com Tallinn (Estonia)"]
[Round "0"]
[White "Smagin Sergey (RUS)"]
[Black "Gruenberg Hans-Ulrich (GER)"]
[Result "1-0"]
[WhiteElo "2495"]
[BlackElo "2460"]

1.d4 Nf6 2.c4 g6 3.Nf3 Bg7 4.g3 O-O 5.Bg2 d6 6.O-O a6 7.Nc3 Nc6 8.b3 Rb8 9.e3
b5 10.Nd2 Bd7 11.Bb2 e5 12.d5 Ne7 13.Rc1 b4 14.Ne2 Bc8 15.c5 Nfxd5 16.Nc4 Be6
17.Rc2 f5 18.Rd2 e4 19.Bxg7 Kxg7 20.cxd6 cxd6 21.f3 exf3 22.Bxf3 Nf6 23.Rxd6
Qc8 24.Qd4 Bxc4 25.bxc4 Rd8 {#r} 1-0

[Event "Tournament (a)"]
[Site "masterchessopen.com Aarhus (Denmark)"]
[Round "7"]
[White "Larsen Ernst"]
[Black "Rewitz Jan (DEN)"]
[Result "0-1"]
[WhiteElo "2200"]
[BlackElo "2082"]

1.d4 Nf6 2.Nf3 g6 3.c4 Bg7 4.g3 O-O 5.Bg2 d6 6.O-O a6 7.Nc3 Nc6 8.h3 Rb8 9.e4
b5 10.e5 dxe5 11.dxe5 Nd7 12.e6 fxe6 13.Qe2 e5 14.cxb5 axb5 15.Nxb5 Ba6 16.a4
Nb6 17.Rd1 Nd4 18.Nfxd4 exd4 19.Bf4 Qd7 20.Rac1 Nd5 21.Be5 Qe6 22.Qc4 Qxe5
23.Qxd5+ Kh8 24.Nxd4 Rxb2 25.Ne6 Qe2 26.Nxg7 Rxf2 27.Be4 Rf1+ {#R} 0-1

[Event "It (open) \"]
[Site "masterchessopen.com Adelaide (Australia)"]
[Round "8"]
[White "Hay Trevor (AUS)"]
[Black "Reilly Tim (AUS)"]
[Result "0-1"]
[WhiteElo "2287"]
[BlackElo "2235"]

1.d4 g6 2.c4 Nf6 3.g3 Bg7 4.Bg2 O-O 5.Nf3 d6 6.O-O Nc6 7.Nc3 a6 8.b3 Rb8 9.Bb2
b5 10.cxb5 axb5 11.Rc1 b4 12.Na4 Na7 13.Qc2 c6 14.Rfe1 Bf5 15.Qc4 Be4 16.Bf1
Rb5 17.Nd2 d5 {#R} 0-1

[Event "It (open) \"]
[Site "masterchessopen.com Adelaide (Australia)"]
[Round "3"]
[White "Hjorth Greg (USA)"]
[Black "Seberry Ralph B (AUS)"]
[Result "1-0"]
[WhiteElo "2378"]
[BlackElo "2318"]

1.Nf3 g6 2.d4 Nf6 3.c4 Bg7 4.g3 O-O 5.Bg2 d6 6.O-O a6 7.Nc3 Nc6 8.Bg5 Rb8
9.Rc1 Bd7 10.e3 Na5 11.Qe2 b5 12.cxb5 axb5 13.Bxf6 exf6 14.b4 Nc6 15.a3 Ne7
16.d5 Ra8 17.Nd4 Rxa3 18.Ncxb5 Ra4 19.Qc4 Qb8 20.Ra1 Nf5 21.Nc6 Bxc6 22.dxc6
Rxa1 23.Rxa1 Ne7 24.Ra7 {#r} 1-0

[Event "Ch World (juniors) (under 20)"]
[Site "masterchessopen.com Baguio (Philippines)"]
[Round "0"]
[White "Bern Ivar (NOR)"]
[Black "Fernandez Aguado Enrique (ESP)"]
[Result "1-0"]
[WhiteElo "2275"]
[BlackElo "2335"]

1.c4 Nf6 2.Nc3 g6 3.g3 Bg7 4.Bg2 O-O 5.Nf3 d6 6.O-O Nc6 7.d4 a6 8.b3 Rb8 9.e3
b5 10.Qe2 Bd7 11.Bb2 Na5 12.Nd2 c5 13.Rfd1 Qc8 {#r} 1-0

[Event "Ch Poland (1/2 final)"]
[Site "masterchessopen.com Gdynia (Poland)"]
[Round "1"]
[White "Panczyk Krzysztof (POL)"]
[Black "Ciszek Mieczyslaw (POL)"]
[Result "1-0"]
[WhiteElo "2410"]
[BlackElo "2253"]

1.d4 Nf6 2.c4 g6 3.g3 Bg7 4.Bg2 O-O 5.Nf3 d6 6.O-O Nc6 7.Nc3 a6 8.b3 d5 9.cxd5
Nxd5 10.Nxd5 Qxd5 11.Bb2 Qh5 12.Rc1 Bg4 13.Rc5 f5 14.Qc1 Rad8 15.b4 Rd6 16.d5
Bxb2 17.Qxb2 Nd8 18.Rxc7 g5 19.Rxe7 Nf7 20.Nd4 Rh6 21.h3 Bxh3 22.Ne6 Rg6
23.Rc1 f4 24.Rxf7 Kxf7 25.Rc7+ Ke8 26.Ng7+ {#r} 1-0

[Event "Ch URS (qual)"]
[Site "masterchessopen.com Pavlodar (Kazakhstan)"]
[Round "0"]
[White "Mihalcisin Adrian (SLO)"]
[Black "Gleizerov Evgeny (RUS)"]
[Result "1-0"]
[WhiteElo "2500"]
[BlackElo "2410"]

1.d4 Nf6 2.c4 g6 3.Nf3 Bg7 4.g3 O-O 5.Bg2 d6 6.O-O Nc6 7.Nc3 a6 8.h3 Rb8 9.Be3
b5 10.Nd2 Bd7 11.Rc1 e5 12.dxe5 Nxe5 13.cxb5 axb5 14.b3 Re8 15.Nde4 Nxe4
16.Nxe4 Bf5 17.Nc3 b4 18.Nd5 c6 19.Nf4 h5 20.Bd4 Bh6 21.e3 Qa5 22.Nxh5 gxh5
23.Qxh5 Bd3 24.Rfd1 Re6 25.Rxd3 Qxa2 26.Bxe5 dxe5 27.Qf5 Bg7 28.Rxc6 {#r} 1-0

[Event "It (open)"]
[Site "masterchessopen.com Bargteheide (Germany)"]
[Round "4"]
[White "Loef Dirk (GER)"]
[Black "Brittner Johann (GER)"]
[Result "0-1"]
[WhiteElo "2184"]
[BlackElo "2093"]

1.d4 Nf6 2.c4 g6 3.Nf3 Bg7 4.g3 O-O 5.Bg2 d6 6.Nc3 Nc6 7.O-O a6 8.d5 Na5 9.Nd2
c5 10.e4 Rb8 11.a4 e6 12.Re1 exd5 13.Nxd5 Nxd5 14.exd5 b5 15.axb5 axb5 16.cxb5
Rxb5 17.Qa4 Bd7 18.Ne4 Nb3 19.Rb1 Nxc1 20.Rbxc1 Rxb2 21.Qa6 Rb6 22.Qa7 Bf5
23.Rb1 Rxb1 24.Rxb1 Re8 25.h4 Bd4 26.h5 Bxe4 27.Bxe4 Qf6 28.h6 Qxf2+ 29.Kh1
Qxg3 30.Rf1 Qh3# 0-1